| 000 | 00514nam a22001697a 4500 | ||
|---|---|---|---|
| 999 |
_c30646 _d30646 |
||
| 008 | 200109b ||||| |||| 00| 0 eng d | ||
| 020 | _a9780736083232 | ||
| 050 | _aGV 706.4 .W38 2011 | ||
| 100 | _aWeinberg S.Robert , | ||
| 245 |
_aFoundation of Sport and Exercise Psychology/ _cRobert S. Weinberg. |
||
| 250 | _a5th ed, | ||
| 260 |
_aUSA: _bHuman Kinetics, _c2011. |
||
| 300 |
_axiii, _b633p. _c30 cm |
||
| 504 | _aincludes bibliographical references and index | ||
| 700 | _aGould Daniel | ||
| 942 |
_2lcc _cBOOKS |
||